根据百科猜泛地级行政区#5 - Chinese Prefectures by Description #5 - Statistics

General Stats
  • This quiz has been taken 6 times
  • The average score is 9 of 15
Answer Stats
描述 答案 % Correct
长期是中国共产党领导的山东抗日根据地的首府所在地和党政军 指挥中心,是华东局、华东军区、华东野战军、山东省政府的诞生地 临沂
83%
火车站有往返于哈尔滨、佳木斯、牡丹江等城市的列车,是国家森林城市, 对接国家“一带一路”倡议、建设“中蒙俄经济走廊”的重要节点城市, 中国最早玉器文化发源地,赫哲族文化的代表性区域 双鸭山
83%
是重要的广府人聚集地之一,亦是广府文化的代表城市之一。 ……被称为“中国第一侨乡” 江门
83%
曾是古代“丝绸之路”新北道通往中亚、欧洲的必经之路,自古为西域咽喉、北疆屏障, ……北疆铁路、312国道、216国道、115省道、吐乌大高等级公路贯穿全境 昌吉
67%
为六朝京畿之地,有“金陵锁钥、江淮保障”之称、“形兼吴楚、气越淮扬”之誉 滁州
67%
是多民族的东北历史名城和历代塞外战略要地。十六国时期慕容鲜卑 始建龙城为三燕都城,北魏至隋唐时期设营州,辽金时期置兴中府 朝阳
67%
以航运服务、科技服务、特色金融、国际贸易、专业服务等生产性服务业 为主产业。……被誉为“千年商都”;自古就是中外文化交融之地 广州
67%
是江右民系聚居的重要城市,……庐陵文化是〇〇 江右人创造出来的区域性文化,是江右文化的重要支柱 吉安
50%
地势北高南低,北部是山地和丘陵岗地,南部为黄河冲积平原,属暖温带 大陆性季风气候,四季分明,降雨集中。境内河流分属黄河、海河两大水系 新乡
50%
是全国三大气田之一和国家“川气东送”的起点站;国家天然气综合开发利用 示范区;国家重要能源资源战略基地(锂钾卤水储量达20.9亿立方米) 达州
50%
被誉为中国卡车之都,“中国商用车之都”,……东风商用车有限公司总部所在地 十堰
50%
是黄梅戏的主要流传地之一,是“桐城派”的故里, 是京剧鼻祖程长庚为代表的徽班成长的摇篮 安庆
50%
有〇〇起义遗址、琼崖纵队遗址等红色文化资源,有陨石坑、红坎瀑布、南开石壁 等自然景观,有“三月三”黎族苗族文化节、“啦奥门”山兰文化节等节庆活动 白沙
33%
历史上为哀牢古国故地,西汉设不韦县。哀牢王内附东汉后,置永昌郡。 西晋至南北朝,永昌郡属宁州。唐朝时属南诏国,设永昌节度; 南宋属大理国,节度改永昌府 保山
33%
为闽南、客家、外省、原住民族等多族群融合地区, 也因为工业发达,同时也是台湾引入外籍劳工人数最多的县市 桃园
33%
No matching quizzes found
Score Distribution
Percent of People with Each Score
Percentile by Number Answered
Your Score History
You have not taken this quiz